Ends in 'ASA', 'ISA', or 'OSA' Quiz Stats

Quiz Updated Aug 21, 2015

Challenge
Share
Tweet
Embed
Score 0/18 Timer 03:00
3 Plays Today
Hint Answer % Correct
-ISAVisa
95.5%
-ISAPisa
94.6%
-ISAMona Lisa
94.2%
-ASANASA
93.6%
-OSAmimosa
82.6%
-ASAMufasa
81%
-OSASosa
76%
-ISAMarisa
73.4%
-ISALouisa
73.1%
Hint Answer % Correct
-ASAkielbasa
65.4%
-ASAtabula rasa
43.2%
-ASAKinshasa
40.9%
-OSAFormosa
34.7%
-ISAsonrisa/risa
29.3%
-OSAponderosa
27.4%
-ASAMombasa
26.5%
-OSADolorosa
20.3%
-OSAXhosa
17.1%

You're not logged in!

Compare scores with friends on all Sporcle quizzes.
Join for Free
OR
Log In

You Might Also Like...

Show Comments

Extras

Top Quizzes Today


Score Distribution

Your Account Isn't Verified!

In order to create a playlist on Sporcle, you need to verify the email address you used during registration. Go to your Sporcle Settings to finish the process.

Report this User

Report this user for behavior that violates our Community Guidelines.

Details: